| 000 | 01538nam0a22002891 4500 | ||
|---|---|---|---|
| 001 | v19\rc\1424846 | ||
| 005 | 20260405233254.0 | ||
| 035 | _a(NLR Aleph) 005224365 | ||
| 090 |
_a5538624 _c5538624 |
||
| 100 | _a20060512e18851885|||y0rusy50 ca | ||
| 101 | 0 | _arus | |
| 102 | _aRU | ||
| 105 | _ay z ||||| | ||
| 200 | 1 |
_aК вопросу об уродствах конечностей вследствие патологических процессов в костях в внутриутробной жизни плода _f[Соч.] (Ст. врача Окр. больницы Моск. воспитат. дома пр.-доц. хир. В.И. Кузьмина) |
|
| 210 |
_a[Москва] _cтип. Э. Лисснер и Ю. Роман _dценз. 1885 |
||
| 215 |
_a10 с. _d26 |
||
| 309 | _aБез тит. л. и обл. | ||
| 311 | _aОтт. из "Летописи Хирург. о-ва в Москве". 1885, № 4, с. 205-213 | ||
| 488 | 0 |
_12001#$aЛетопись Хирургического общества в Москве$v1885, № 4 _1215##$aС. 205-213 _tЛетопись Хирургического общества в Москве |
|
| 700 | 1 |
_7ca _8rus _aКузьмин _bВ. И. _cд-р медицины, хирург _f1851-1928 _gВасилий Иванович _989930 _3RU\NLR\AUTH\77107005 |
|
| 801 | 0 |
_aRU _bNLR _c20060512 _gpsbo |
|
| 801 | 0 |
_aRU _bRuMoRGB _c20060512 _2psbo |
|
| 801 | 1 |
_aRU _bProSoft-M _c20060512 _2rusmarc |
|
| 801 | 2 |
_aRU _bNLR _c20111223 _2rusmarc |
|
| 852 |
_aNLR _j18.217.3.59 |
||
| 942 | _cBOOK | ||
| 980 | _aNB | ||